Từ điển ngân hàng Anh - Việt Modern dictionary of banking English - Vietnamese

সংরক্ষণ করুন:
গ্রন্থ-পঞ্জীর বিবরন
প্রধান লেখক: Nguyễn, Văn Dung
বিন্যাস: গ্রন্থ
ভাষা:Vietnamese
প্রকাশিত: Hà Nội Lao Động 2010
বিষয়গুলি:
ট্যাগগুলো: ট্যাগ যুক্ত করুন
কোনো ট্যাগ নেই, প্রথমজন হিসাবে ট্যাগ করুন!
Thư viện lưu trữ: Trung tâm Học liệu Lê Vũ Hùng, Trường Đại học Đồng Tháp
LEADER 00751pam a22002298a 4500
001 00030681
005 20171026081025.0
008 130606s2010 ||||||viesd
020 |c 232000 
041 0 # |a vie 
082 1 4 |a 332.03  |b T550Đ 
100 1 # |a Nguyễn, Văn Dung 
245 1 0 |a Từ điển ngân hàng Anh - Việt  |b Modern dictionary of banking English - Vietnamese  |c Nguyễn Văn Dung 
260 # # |a Hà Nội  |b Lao Động  |c 2010 
300 # # |c 24 cm.  |a 662 tr. 
653 # # |a Anh - Việt 
653 # # |a Ngân hàng 
653 # # |a Từ điển 
852 # # |b Kho đọc  |j KD.0014605 
852 # # |j KD.0014605 
910 |d 06/06/2013 
980 # # |a Trung tâm Học liệu Lê Vũ Hùng, Trường Đại học Đồng Tháp